Làm sao khích lệ nhân viên : 24 bí quyết đã được chứng nghiệm đem lại hiệu quả cao ở nơi làm việc

Nội dung sách trình bày 24 bí quyết đã được chứng nghiệm đem lại hiệu quả cao ở nơi làm việc như cách động viên mọi người, biết rõ động cơ làm việc,...

Guardat en:
Dades bibliogràfiques
Autor principal: Bruce, Anne
Format: Llibre
Idioma:Undetermined
Publicat: Thành phố Hồ Chí Minh Tổng hợp Thành phố Hồ Chí Minh 2004
Matèries:
Etiquetes: Afegir etiqueta
Sense etiquetes, Sigues el primer a etiquetar aquest registre!
Thư viện lưu trữ: Trung tâm Học liệu Trường Đại học Cần Thơ
LEADER 01057nam a2200217Ia 4500
001 CTU_101526
008 210402s9999 xx 000 0 und d
020 |c 15000 
082 |a 658.3 
082 |b B886 
100 |a Bruce, Anne 
245 0 |a Làm sao khích lệ nhân viên : 
245 0 |b 24 bí quyết đã được chứng nghiệm đem lại hiệu quả cao ở nơi làm việc 
245 0 |c Anne Bruce ; Phạm Nguyên Cẩn, Phạm Phùng Quân biên dịch 
260 |a Thành phố Hồ Chí Minh 
260 |b Tổng hợp Thành phố Hồ Chí Minh 
260 |c 2004 
520 |a Nội dung sách trình bày 24 bí quyết đã được chứng nghiệm đem lại hiệu quả cao ở nơi làm việc như cách động viên mọi người, biết rõ động cơ làm việc,... 
650 |a Quản lý nhân sự,Personnel management 
904 |i Minh, Kiều Nguyên 
980 |a Trung tâm Học liệu Trường Đại học Cần Thơ